| 000 | 00720nam a22002417a 4500 | ||
|---|---|---|---|
| 003 | OSt | ||
| 005 | 20150512213002.0 | ||
| 008 | 150512b xxu||||| |||| 00| 0 eng d | ||
| 020 | _a978-84-9022-416-8 | ||
| 040 |
_aSpMaBN _bspa _cBMC _erdc |
||
| 082 | _a612.39 | ||
| 100 | 1 |
_934259 _aLim, Ming Yeong |
|
| 245 | 1 | 0 | _aLo esencial en metabolismo y nutrición |
| 250 | _a4ª ed | ||
| 260 |
_aBarcelona [etc.] _bElsevier _c2013 |
||
| 300 |
_aXII, 198 p. _bil., gráf. _c26 cm |
||
| 490 | _aCursos Crash | ||
| 594 | _1En la port.: Autora de la 1ª ed., Sarah Benyon | ||
| 594 | _1Traducción de: Metabolism and nutrition | ||
| 650 | 2 | 4 |
_aNutrición _92745 |
| 650 | 2 | 4 |
_94297 _aMetabolismo |
| 942 |
_2ddc _cBK _hprozim |
||
| 999 |
_c20823 _d20823 |
||